Inventors who revolutionised our lives / (Record no. 95926)

MARC details
000 -LEADER
fixed length control field 00637nam a22002057a 4500
005 - DATE AND TIME OF LATEST TRANSACTION
control field 20151016110614.0
010 ## - LCCN (DPL NO)
LC control number ENG-113859
020 ## - INTERNATIONAL STANDARD BOOK NUMBER
International Standard Book Number 8123747667
Terms of availability 120.00
020 ## - INTERNATIONAL STANDARD BOOK NUMBER
International Standard Book Number 9788123747668
Terms of availability 120.00
035 ## - SYSTEM CONTROL NUMBER
System control number EN-97391
037 ## - SOURCE OF ACQUISITION
Source of stock number/acquisition DBAD/PUB
082 ## - DEWEY DECIMAL CLASSIFICATION NUMBER
Classification number 509.2
100 ## - MAIN ENTRY--PERSONAL NAME
Personal name Gopalakrishnan, K. V.
245 ## - TITLE STATEMENT
Title Inventors who revolutionised our lives /
Statement of responsibility, etc by K V. Gopalakrishnan
260 ## - PUBLICATION, DISTRIBUTION, ETC. (IMPRINT)
Place of publication, distribution, etc New Delhi
Name of publisher, distributor, etc National Book Trust
Date of publication, distribution, etc 2015
270 ## - ADDRESS
Address Nehru Bhawan, 5 Institutional Area, Phase -II,
City New Delhi
Postal code 110070
300 ## - PHYSICAL DESCRIPTION
Extent xiii,198p.
Dimensions 21cm(pbk)
490 ## - SERIES STATEMENT
Series statement Popular science
942 ## - ADDED ENTRY ELEMENTS (KOHA)
Source of classification or shelving scheme Dewey Decimal Classification
Item type English Books
Call number suffix GOP
Classification part 509.2
Holdings
Withdrawn status Lost status Not for loan Collection code Home library Current library Date acquired Source of acquisition Cost, normal purchase price Full call number Barcode Copy number Cost, replacement price Koha item type
    Not For Loan Non-fiction D.B.Act.Division D.B.Act.Division 13/08/2015 DBAD/PUB 120.00 509.2 GOP EN-97391 1 120.00 English Books

© Delhi Public Library
Hit Counter
free hit counter